| 000 | 01193nam a2200325Ia 4500 | ||
|---|---|---|---|
| 001 | ebr10007014 | ||
| 003 | CaPaEBR | ||
| 006 | m u | ||
| 007 | cr cn||||||||| | ||
| 008 | 020220s2002 maua s 001 0 eng d | ||
| 020 | _z9780080475943 | ||
| 020 | _z1928994512 | ||
| 040 |
_aCaPaEBR _cCaPaEBR |
||
| 035 | _a(OCoLC)559395268 | ||
| 050 | 1 | 4 |
_aQA76.625 _b.A87 2002beb |
| 082 | 0 | 4 |
_a005.2/76 _221 |
| 245 | 0 | 0 |
_aASP.NET web developer's guide _h[electronic resource] / _cMesbah Ahmed ... [et al.]. |
| 246 | 3 | 6 | _aASP .NET web developer's guide |
| 260 |
_aRockland, Mass. : _bSyngress Publishing, Inc., _cc2002. |
||
| 300 |
_a608p. : _bill. |
||
| 500 | _aIncludes index. | ||
| 533 |
_aElectronic reproduction. _bPalo Alto, Calif. : _cebrary, _d2009. _nAvailable via World Wide Web. _nAccess may be limited to ebrary affiliated libraries. |
||
| 630 | 0 | 0 | _aActive server pages. |
| 650 | 0 | _aInternet programming. | |
| 650 | 0 | _aWeb servers. | |
| 655 | 7 |
_aElectronic books. _2local |
|
| 700 | 1 |
_a?Ahamada, Mesab?aha. _4aut |
|
| 710 | 2 | _aebrary, Inc. | |
| 856 | 4 | 0 |
_uhttp://site.ebrary.com/lib/rucke/Doc?id=10007014 _zAn electronic book accessible through the World Wide Web; click to view |
| 999 |
_c372 _d372 |
||